|
|
|
|
| LEADER |
03164nam a2200697 i 4500 |
| 001 |
001852143 |
| 003 |
CZ BrMZK |
| 005 |
20230413113502.0 |
| 007 |
ta |
| 008 |
230314s2023 xxkah f 001 0 eng |
| 020 |
|
|
|a 978-1-032-01059-5
|q (vázáno)
|
| 040 |
|
|
|a BOA001
|b cze
|e rda
|
| 043 |
|
|
|a ec-----
|a ee-----
|
| 044 |
|
|
|a xxk
|a xxu
|
| 045 |
|
|
|a x2x3
|
| 072 |
|
7 |
|a 930.85
|x Dějiny civilizace. Kulturní dějiny
|2 Konspekt
|9 8
|
| 080 |
|
|
|a 796/799(091)
|2 MRF
|
| 080 |
|
|
|a 316.343-058.14
|2 MRF
|
| 080 |
|
|
|a 7.036/.038
|2 MRF
|
| 080 |
|
|
|a 796.032.2
|2 MRF
|
| 080 |
|
|
|a 796.411.03
|2 MRF
|
| 080 |
|
|
|a 32
|2 MRF
|
| 080 |
|
|
|a 316.74:796/799
|2 MRF
|
| 080 |
|
|
|a 930.85
|2 MRF
|
| 080 |
|
|
|a (4-191.2)+(4-11)
|2 MRF
|
| 080 |
|
|
|a (048.8)
|2 MRF
|
| 100 |
1 |
|
|a Strożek, Przemysław,
|d 1983-
|7 xx0263420
|4 aut
|
| 245 |
1 |
0 |
|a Picturing the workers' Olympics and the spartakiads :
|b modernist and avant-garde engagement with sport in Central Europe and the USSR, 1920-1932 /
|c Przemysław Strożek
|
| 250 |
|
|
|a First published
|
| 264 |
|
1 |
|a London ;
|a and New York :
|b Routledge, Taylor & Francis Group,
|c 2023
|
| 300 |
|
|
|a xvi, 216 stran :
|b ilustrace, faksimile ;
|c 25 cm
|
| 336 |
|
|
|a text
|b txt
|2 rdacontent
|
| 337 |
|
|
|a bez média
|b n
|2 rdamedia
|
| 338 |
|
|
|a svazek
|b nc
|2 rdacarrier
|
| 490 |
1 |
|
|a Routledge histories of Central and Eastern Europe
|
| 504 |
|
|
|a Obsahuje bibliografii, bibliografické odkazy a rejstřík
|
| 648 |
|
4 |
|a 1920-1932
|
| 648 |
|
7 |
|a 20. století
|7 ch460558
|2 czenas
|
| 650 |
0 |
7 |
|a dějiny sportu
|z Evropa střední a východní
|y 20. století
|7 ph488972
|2 czenas
|
| 650 |
0 |
7 |
|a dělníci
|z Evropa střední a východní
|y 20. století
|7 ph114391
|2 czenas
|
| 650 |
0 |
7 |
|a umělecká avantgarda
|z Evropa střední a východní
|y 20. století
|7 ph126877
|2 czenas
|
| 650 |
0 |
7 |
|a modernismus (umění)
|z Evropa střední a východní
|y 20. století
|7 ph122936
|2 czenas
|
| 650 |
0 |
7 |
|a olympijské hry
|x politické aspekty
|7 ph115588
|2 czenas
|
| 650 |
0 |
7 |
|a spartakiády
|7 ph117804
|x politické aspekty
|2 czenas
|
| 650 |
0 |
7 |
|a sociologie sportu
|7 ph125760
|z Evropa střední a východní
|y 20. století
|2 czenas
|
| 650 |
0 |
7 |
|a kulturní dějiny
|7 ph122020
|z Evropa střední a východní
|y 20. století
|2 czenas
|
| 650 |
0 |
9 |
|a history of sports
|z Europe, Central and Eastern
|y 20th century
|2 eczenas
|
| 650 |
0 |
9 |
|a working class
|z Europe, Central and Eastern
|y 20th century
|2 eczenas
|
| 650 |
0 |
9 |
|a avant-garde (aesthetics)
|z Europe, Central and Eastern
|y 20th century
|2 eczenas
|
| 650 |
0 |
9 |
|a modernization
|z Europe, Central and Eastern
|y 20th century
|2 eczenas
|
| 650 |
0 |
9 |
|a Olympic Games
|x political aspects
|2 eczenas
|
| 650 |
0 |
9 |
|a Spartakiades
|x political aspects
|2 eczenas
|
| 650 |
0 |
9 |
|a sociology of sport
|z Europe, Central and Eastern
|y 20th century
|2 eczenas
|
| 650 |
0 |
9 |
|a cultural history
|z Europe, Central and Eastern
|y 20th century
|2 eczenas
|
| 655 |
|
7 |
|a monografie
|7 fd132842
|2 czenas
|
| 655 |
|
9 |
|a monographs
|2 eczenas
|
| 830 |
|
0 |
|a Routledge histories of Central and Eastern Europe
|
| 910 |
|
|
|a BOA001
|b 2-1503.578
|
| 990 |
|
|
|a BK
|
| 991 |
|
|
|b 202304
|c NOV
|
| 996 |
6 |
|
|b 2610933950
|c 2-1503.578
|l MZK
|r HSS 5p
|n 0
|p kupz
|h 930.85 STR
|w 001918846
|u 000010
|a 0
|e BOA001
|j MZK50
|s P
|